Učitavanje...
Production Technology of Tuber Crops
| Glavni autor: | |
|---|---|
| Format: | Printed Book |
| Jezik: | Undetermined |
| Izdano: |
Kerala
CTCRI
2000
|
| Teme: |
| LEADER | 00529nam a2200169Ia 4500 | ||
|---|---|---|---|
| 008 | 140316s9999 xx 000 0 und d | ||
| 020 | |||
| 082 | |a 635.2 |b MOH/PR | ||
| 100 | |a Mohankumar,CR | ||
| 245 | |a Production Technology of Tuber Crops | ||
| 260 | |a Kerala |b CTCRI |c 2000 | ||
| 300 | |a 174 | ||
| 650 | |a cassava | ||
| 650 | |a taro | ||
| 942 | |2 ddc |c BK | ||
| 999 | |c 15198 |d 15198 | ||
| 952 | |0 0 |1 0 |2 ddc |4 0 |6 635_200000000000000_MOHPR |7 0 |9 16504 |a KAUCLV |b KAUCLV |c GENERAL |d 2014-03-18 |l 5 |o 635.2 MOH/PR |p 806011 |r 2019-03-20 |s 2019-03-10 |w 2014-03-18 |y BK | ||